000
00260nam a22001097a 4500
999
_c
153886
_d
153886
082
_a
_b
245
_a
Handbook of general studies/
_c
by Kalpana Rajaram (ed.)
260
_a
_b
Spectrum,
_c
2010.
650
_a
700
_a
Kalpana Rajaram (ed.)
942
_c
BK